The Discontented little squirrels : and other stories in rhyme.

Bibliographic Details
Format: Microform Book
Language:English
Published: New York : P.J. Cozans, [1858?]
Series:Uncle Philips' library

MARC

Tag First Indicator Second Indicator Subfields
LEADER 00000cam a2200000 a 4500
001 in00001365310
005 20151006073144.0
007 hd afu---baca
008 860523s1858 nyua a 000 0 eng d
035 |a (OCoLC)13635033 
035 |9 AHH6855AM 
040 |a POG  |c POG  |d UtOrBLW 
049 |a TXAI 
090 |a PS586  |b .A450 pt. 3, no. 941 
099 |a film  |a B  |a 3870  |a  Segment III, no. 941) 
245 0 4 |a The Discontented little squirrels :  |b and other stories in rhyme. 
264 1 |a New York :  |b P.J. Cozans,  |c [1858?] 
300 |a 64 pages :  |b illustrations ;  |c 15 cm. 
336 |a text  |b txt  |2 rdacontent 
337 |a microform  |b h  |2 rdamedia 
338 |a microfilm reel  |b hd  |2 rdacarrier 
490 0 |a Uncle Philips' library 
500 |a On cover: Uncle Philips' library. 
510 3 |a NUC pre-1956 
533 |a Microfilm.  |b Woodbridge, Conn. :  |c Research Publications,  |d 1977.  |e 1 microfilm reel ; 35 mm.  |f (American Poetry, 1609-1900 ; Segment III, no. 941) 
539 |a s  |b 1977  |d ctu  |e n 
500 |a Microform. 
999 |a MARS 
999 f f |s 1afb244e-08d6-31eb-9ab3-1b8ec22eaeff  |i bfdee0e9-9c5a-3c68-a62c-a455fafd8d6b  |t 0 
952 f f |p default  |a Texas A&M University  |b College Station  |c Sterling C. Evans Library  |d Evans: Microforms (3rd floor)  |t 0  |e film B 3870 Segment III, no. 941  |h Other scheme  |i microform -- microfilm reel 
998 f f |a film B 3870 Segment III, no. 941  |t 0  |l Evans: Microforms (3rd floor)